000
00377nam a22001577a 4500
003
MPLRDC
005
20220104144141.0
008
210129b ||||| |||| 00| 0 eng d
082
_a
419.7 XSJ
100
_a
萧士杰编
245
_a
护理医学各科复习讲义
_c
260
_a
_b
千华出版社
_c
300
_b
平
650
_a
各种护理
942
_c
BK
_o
419.7 XSJ
999
_c
46858
_d
46848